000 00986cab a22002175a 4500
001 L153171
008 110620e20110421xxk 000 0 eng d
035 _a(Sirsi) u153171
041 0 _aeng
100 1 _aWithers, Iain
245 0 0 _aTop firms nab 23% more work
_bbusiness barometer, public sector boosts contractors' workload, but performance is still worse than same period last year
260 _c2011
490 _aBuilding
_v276(8683) 17 June 2011, 16-17(2)
520 _aOverview, tables of top contractors excluding and including civils for work won in May 2011, yearly work won 1 May 2010-31 May2011, and top architects, clients/promoters and quantity surveyors 1 May 2010 to 31 May 2011, comment on orders and output; supermarkets lead the way in retail growth; house sales lowest since January.
590 _aKA
651 4 _aUnited Kingdom
_y
690 _aBUILT ENVIRONMENT-CONSTRUCTION MARKET
700 1 _aGreen, Brian
700 1 _aForrest, Kelly
942 _n0
999 _c83214
_d83214